Mistrzowie krajów w piłkę nożną 2026 - Statystyki

Ogólne statystyki
  • Ten quiz został rozwiązany 29 razy
    18 od ostatniego zresetowania
  • Średni wynik to 16 z 54
Statystyki odpowiedzi
Hint Odpowiedź % Poprawnych
Polska Lech Poznań
100%
Niemcy Bayern Monachium
94%
Hiszpania FC Barcelona
94%
Portugalia FC Porto
94%
Włochy Inter Mediolan
94%
Francja Paris Saint-Germain
94%
Czechy Slavia Praga
75%
Turcja Galatasaray Stambuł
69%
Holandia PSV Eindhoven
69%
Anglia Brak
56%
Belgia Brak
56%
Izrael Brak
56%
Armenia Brak
56%
Albania Brak
56%
Czarnogóra Brak
56%
Szkocja Celtic Glasgow
44%
Chorwacja Dinamo Zagrzeb
44%
Grecja AEK Ateny
38%
Serbia Crvena Zvezda Belgrad
38%
Cypr Omonia Nikozja
38%
Ukraina Szachtar Donieck
38%
Szwajcaria FC Thun
31%
Norwegia Viking FK
31%
Austria LASK Linz
19%
Irlandia Shamrock Rovers
19%
Islandia Vikingur Reykjavik
19%
Dania Aarhus GF
13%
Bułgaria Levski Sofia
13%
Słowenia NK Celje
13%
Azejberdżan Sabah Baku
13%
Estonia Flora Tallin
6%
Węgry Györ ETO FC
6%
Kazachstan Kairat Ałmaty
6%
Rosja Krasnodar FC
6%
Słowacja Slovan Bratysława
6%
Rumunia Universitatea Craiova
6%
Litwa Żalgiris Kowno
6%
Bośnia i Hercegowina Borac Banja Luka
0%
Luksemburg FC Differdange 03
0%
Malta Floriana FC
0%
Gruzja Iberia 1999
0%
Andora Inter Escaldes
0%
Kosowo KF Drita Gnjilane
0%
Wyspy Owcze Kí Klaksvík
0%
Finlandia Kuopion Palloseura
0%
Irlandia Północna Larne F.C.
0%
Gibraltar Lincoln Red Imps
0%
Szwecja Mjällby AIF
0%
Białoruś ML Vitebsk
0%
Mołdawia Petrocub Hînceşti
0%
Łotwa Ryga FC
0%
San Marino SP Tre Fiori
0%
Walia The New Saints FC
0%
Macedonia Północna Wardar Skopje
0%
Nie znaleziono quizów pasujących do podanych kryteriów
Rozkład punktacji
Procent ludzi z każdym wynikiem
Percentyl według liczby udzielonych odpowiedzi
Twoja historia wyników
Nie rozwiązałeś tego quizu od ostatniego zresetowania